00576nam a22001697a 4500003000400000020001800004082001900022100002100041245008000062260003300142300001500175546001200190650002800202942001200230999001900242952014500261OSt a9781591437895 a932.01bCRE/GR aCreighton, Scott aGreat pyramid:bthe conspiracy to conceal the true history of ancient egypt aCanadabBear & Companyc2017 axiv, 208p. aEnglish aHistory - Ancient Egypt 2ddccBK c160798d160798 00102ddc40708GenaKAUCLVbKAUCLVcGENERALd2018-06-06g499.00l1o932.01 CRE/GRp228437r2019-02-14 00:00:00s2019-02-02w2018-06-06yBK